| Science - Biology | 0 | 5 | 0 | 3 | 50 | 128 | 132.00 | 0 | 1 | 0.00 | 0.00 |
| Art - Other | 0 | 3 | 0 | 0 | 30 | 26 | 82.00 | 1 | 2 | 0.00 | 0.00 |
| Art - Music/Opera | 0 | 3 | 0 | 0 | 30 | 97 | 122.00 | 1 | 1 | 0.00 | 0.00 |
| Philosophy - 20th century | 0 | 2 | 0 | 0 | 20 | 106 | 106.00 | 0 | 1 | 0.00 | 0.00 |
| Philosophy - Ancient | 0 | 2 | 0 | 0 | 20 | 95 | 106.00 | 1 | 1 | 0.00 | 0.00 |
| Religion - Christianity/Judaism | 0 | 2 | 1 | 0 | 15 | 94 | 95.50 | 1 | 2 | 0.00 | 0.00 |
| History - Other | 0 | 1 | 0 | 0 | 10 | 123 | 123.00 | 0 | 0 | 0.00 | 0.00 |
| History - World | 0 | 1 | 0 | 0 | 10 | 118 | 118.00 | 0 | 0 | 0.00 | 0.00 |
| Literature - American drama | 0 | 1 | 0 | 0 | 10 | 82 | 82.00 | 0 | 1 | 0.00 | 0.00 |
| Literature - European long fiction | 0 | 1 | 0 | 0 | 10 | 80 | 80.00 | 0 | 1 | 0.00 | 0.00 |
| Philosophy - Medieval | 0 | 1 | 0 | 0 | 10 | 64 | 64.00 | 0 | 1 | 0.00 | 0.00 |
| Philosophy - Mixed/Any | 0 | 1 | 0 | 0 | 10 | 113 | 113.00 | 0 | 0 | 0.00 | 0.00 |
| Social Science - Psychology | 0 | 1 | 0 | 1 | 10 | 122 | 122.00 | 0 | 0 | 0.00 | 0.00 |
| Current Events/Modern World - United States political | 0 | 1 | 0 | 0 | 10 | 112 | 112.00 | 0 | 1 | 0.00 | 0.00 |
| Current Events/Modern World - Western political | 0 | 1 | 0 | 0 | 10 | 113 | 113.00 | 0 | 0 | 0.00 | 0.00 |
| Geography - Europe | 0 | 1 | 0 | 1 | 10 | 122 | 122.00 | 0 | 0 | 0.00 | 0.00 |
| History - American | 0 | 1 | 0 | 0 | 10 | 82 | 82.00 | 0 | 1 | 0.00 | 0.00 |
| History - European | 0 | 1 | 0 | 1 | 10 | 145 | 145.00 | 0 | 0 | 0.00 | 0.00 |
| Science - Astronomy | 0 | 1 | 0 | 0 | 10 | 128 | 128.00 | 0 | 0 | 0.00 | 0.00 |
| Science - Engineering | 0 | 1 | 0 | 1 | 10 | 134 | 134.00 | 0 | 0 | 0.00 | 0.00 |
| Current Events/Modern World - United States social | 0 | 0 | 0 | 0 | 0 | | 0.00 | 0 | 0 | 0.00 | 0.00 |
| Literature - British poetry | 0 | 0 | 1 | 0 | -5 | | 0.00 | 0 | 0 | 0.00 | 0.00 |
| Art - Painting/Sculpture | 0 | 0 | 1 | 0 | -5 | | 0.00 | 0 | 0 | 0.00 | 0.00 |
| Science - Chemistry | 0 | 0 | 2 | 0 | -10 | | 0.00 | 0 | 0 | 0.00 | 0.00 |